Everton players (2000-2010) - Statistics

General Stats
  • This quiz has been taken 9 times
  • The average score is 34 of 93
Answer Stats
Rank Player Positions Nationality Matches Goals (assists) Period % Correct
22 Leighton Baines LB 90 2 (17) 2007-2010
78%
8 Tim Cahill AM 164 45 (17) 2004-2010
78%
10 Tim Howard GK 148 0 (1) 2006-2010
78%
1 Joseph Yobo CB 220 8 (2) 2002-2010
67%
11 Mikel Arteta CM 143 24 (30) 2004-2010
67%
24 Steven Pienaar LM 86 9 (16) 2007-2010
67%
9 Thomas Gravesen DM 149 11 (10) 2000-2005, 2007-2008
67%
2 Tony Hibbert RB 201 0 (6) 2000-2010
67%
29 Yakubu Aiyegbeni ST 68 24 (8) 2007-2010
67%
74 David Ginola LW 5 0 (0) 2001-2002
56%
4 David Weir CB 186 8 (2) 2000-2007
56%
14 Duncan Ferguson ST 123 23 (6) 2000-2006
56%
16 Joleon Lescott CB 113 14 (5) 2006-2010
56%
3 Leon Osman CM 192 26 (11) 2002-2010
56%
35 Louis Saha ST 57 19 (2) 2008-2010
56%
25 Phil Jagielka CB 80 1 (3) 2007-2010
56%
82 Séamus Coleman RB 3 0 (1) 2009-2010
56%
42 Simon Davies RM 45 1 (0) 2005-2007
56%
30 Wayne Rooney ST 67 15 (5) 2002-2004
56%
20 Alessandro Pistone LB 103 1 (0) 2000-2006
44%
31 Andy Johnson ST 61 17 (8) 2006-2008
44%
15 David Unsworth LB 121 16 (2) 2000-2004
44%
56 Diniyar Bilyaletdinov AM 23 6 (2) 2009-2010
44%
12 Gary Naysmith LB 134 6 (10) 2000-2007
44%
54 ST 27 5 (3) 2008-2010
44%
48 Johnny Heitinga CB 31 0 (4) 2009-2010
44%
17 Kevin Campbell ST 111 24 (7) 2000-2005
44%
19 Kevin Kilbane LM 104 4 (2) 2003-2007
44%
65 Landon Donovan ST 10 2 (3) 2009-2010
44%
66 Mark Hughes CF 9 0 (0) 2000-2001
44%
91 Mark Hughes CB 1 0 (0) 2006-2007
44%
37 Marouane Fellaini CM 53 10 (6) 2008-2010
44%
34 Niclas Alexandersson RM 58 4 (0) 2000-2003
44%
23 Nigel Martyn GK 86 0 (0) 2003-2006
44%
47 Paul Gascoigne AM 32 1 (0) 2000-2002
44%
39 Paul Gerrard GK 47 0 (0) 2000-2003
44%
7 Phil Neville RB 166 3 (10) 2005-2010
44%
61 Stephen Hughes CM 18 0 (0) 2000-2001
44%
53 Sylvain Distin CB 29 0 (1) 2009-2010
44%
73 Thomas Myhre GK 6 0 (0) 2000-2001
44%
45 Tie Li DM 34 0 (0) 2002-2004
44%
21 Tomasz Radzinski ST 91 25 (6) 2001-2004
44%
93 Weifeng Li CB 1 0 (0) 2002-2003
44%
55 Abel Xavier RB 23 0 (0) 2000-2002
33%
5 Alan Stubbs CB 169 6 (0) 2001-2008
33%
46 Alex Nyarko CM 33 1 (0) 2000-2001, 2003-2004
33%
71 Brian McBride ST 8 4 (0) 2002-2003
33%
49 Francis Jeffers ST 30 6 (0) 2000-2001, 2003-2004
33%
18 James McFadden CF 109 11 (3) 2003-2008
33%
44 Joe-Max Moore ST 37 2 (0) 2000-2002
33%
6 Lee Carsley DM 166 11 (7) 2001-2008
33%
58 Manuel Fernandes AM 21 2 (4) 2006-2008
33%
36 Marcus Bent ST 55 7 (2) 2004-2006
33%
51 Michael Ball LB 29 3 (0) 2000-2001
33%
41 Nuno Valente LB 45 0 (1) 2005-2009
33%
92 Per Kröldrup CB 1 0 (0) 2005-2006
33%
83 Philippe Senderos CB 2 0 (0) 2009-2010
33%
52 Steve Simonsen GK 29 0 (0) 2000-2004
33%
13 Steve Watson RB 126 14 (4) 2000-2005
33%
28 Victor Anichebe ST 76 7 (3) 2005-2010
33%
59 Andy van der Meyde RW 20 0 (3) 2005-2007, 2008-2009
22%
60 Danny Cadamarteri RW 19 4 (1) 2000-2002
22%
87 Espen Baardsen GK 1 0 (0) 2002-2003
22%
50 Idan Tal DM 29 2 (0) 2000-2002
22%
26 James Beattie ST 76 13 (3) 2004-2007
22%
62 Jesper Blomqvist LM 15 1 (0) 2001-2002
22%
88 John Ruddy GK 1 0 (0) 2005-2006
22%
75 Jose Baxter AM 5 0 (0) 2008-2010
22%
64 Lucas Neill CB 12 0 (2) 2009-2010
22%
72 Matteo Ferrari CB 8 0 (0) 2005-2006
22%
81 Richard Dunne CB 3 0 (0) 2000-2001
22%
68 Richard Gough CB 9 0 (0) 2000-2001
22%
33 Richard Wright GK 60 0 (0) 2002-2007
22%
80 Rodrigo Beckham AM 4 0 (0) 2002-2003
22%
84 Sander Westerveld GK 2 0 (0) 2005-2006
22%
27 Scot Gemmill CM 76 3 (5) 2000-2003
22%
69 Segundo Castillo DM 9 0 (0) 2008-2009
22%
43 Tobias Linderoth DM 40 0 (2) 2001-2004
22%
70 Alec Cleland RB 8 0 (0) 2000-2002
11%
86 Anderson Silva DM 1 0 (0) 2006-2007
11%
57 Dan Gosling CM 22 4 (2) 2008-2010
11%
77 Iain Turner GK 4 0 (0) 2005-2007
11%
38 Jack Rodwell CB 47 2 (2) 2007-2010
11%
40 James Vaughan ST 46 7 (2) 2004-2010
11%
76 Lars Jacobsen RB 5 0 (0) 2008-2009
11%
90 Lukas Jutkiewicz ST 1 0 (0) 2008-2009
11%
32 Mark Pembridge LM 60 2 (3) 2000-2004
11%
63 Nick Chadwick ST 13 3 (0) 2001-2004
11%
67 Peter Clarke CB 9 0 (0) 2000-2002, 2003-2004
11%
79 Phil Jevons ST 4 0 (0) 2000-2001
11%
85 Stefan Wessels GK 2 0 (0) 2007-2008
11%
78 Kevin McLeod LM 4 0 (0) 2000-2001
0%
89 Kieran Agard ST 1 0 (0) 2009-2010
0%
No matching quizzes found
Score Distribution
Percent of People with Each Score
Percentile by Number Answered
Your Score History
You have not taken this quiz